Principles of Mercentile law (Record no. 968)

MARC details
000 -LEADER
fixed length control field 00416nam a22001697a 4500
005 - DATE AND TIME OF LATEST TRANSACTION
control field 20180417111551.0
008 - FIXED-LENGTH DATA ELEMENTS--GENERAL INFORMATION
fixed length control field 160518b xxu||||| |||| 00| 0 eng d
020 ## - INTERNATIONAL STANDARD BOOK NUMBER
ISBN 81-7012-694-0
041 ## - LANGUAGE CODE
Language code of text/sound track or separate title eng
082 ## - DEWEY DECIMAL CLASSIFICATION NUMBER
Item number 2666
Classification number 346.07
100 ## - MAIN ENTRY--AUTHOR NAME
Personal name singh, Avtar
245 ## - TITLE STATEMENT
Title Principles of Mercentile law
260 ## - PUBLICATION, DISTRIBUTION, ETC. (IMPRINT)
Place of publication Lucknow
Name of publisher Eastren book company
Year of publication 1973
300 ## - PHYSICAL DESCRIPTION
Number of Pages 914
650 ## - SUBJECT ADDED ENTRY--TOPICAL TERM
Topical Term Management
942 ## - ADDED ENTRY ELEMENTS (KOHA)
Koha item type Books
Holdings
Lost status Damaged status Collection code Home library Current library Shelving location Date acquired Cost, normal purchase price Full call number Accession Number Koha item type
    LAW JRU Library JRU Library SHELF-30-B 18/05/2016 325.00 346.07 2666 Books
    LAW JRU Library JRU Library SHELF-64-K 18/05/2016 325.00 346.07 2667 Books
    LAW JRU Library JRU Library SHELF-30-B 18/05/2016 325.00 346.07 2668 Books